00305nam a2200109Ia 4500008004100000041000800041082001700049100001700066245004900083260004400132300001900176241015s9999 xx 000 0 und d aeng a658.1502 MAY aMayes/ Shank aFinancial Analysis With Microsoft Excel 2016 bCengage Learning IndiaaAustraliac2018 a540;. P. 25 cm